| 000 -ლიდერი |
| ფიქსირებული სიგრძის საკონტროლო ველი |
00964nam a2200205Ia 4500 |
| 001 - საკონტროლო ნომერი |
| საკონტროლო ველი |
3832 |
| 003 - საკონტროლო ნომრის იდენტიფიკატორი |
| საკონტროლო ველი |
GE_BSU |
| 005 - ბოლო ოპერაციის თარიღი და დრო |
| საკონტროლო ველი |
20190822174829.0 |
| 008 - ფიქსირებული სიგრძის მონაცემთა ელემენტები - ზოგადი ინფორმაცია |
| ფიქსირებული სიგრძის საკონტროლო ველი |
181216s1984||||ge |||||||||||||| ||geo|| |
| 040 ## - კატალოგიზაციის წყარო |
| Transcribing agency |
GE_BSU |
| 041 ## - ენის კოდი |
| Language code of text/sound track or separate title |
geo |
| 080 ## - უნივერსალური ათობითი კლასიფიკაციის ინდექსი |
| Universal Decimal Classification number |
2 გ–12 |
| 100 ## - მთავარი ჩანაწერი - პიროვნების სახელი |
| Personal name |
გაბიძაშვილი, ოთარ |
| 9 (RLIN) |
3753 |
| 245 ## - ცნობა სათაურის შესახებ |
| Title |
რელიგიის სოციოლოგიის საკითხები / |
| Statement of responsibility, etc |
რედ. რ. ანდრიაშვილი; საქ. სსრ მეცნ. აკადემიის პრეზიდიუმთან არსებული სამეცნ.-ათეისტური კომისია. |
| 264 ## - წარმოების, გამოცემის, დისტრიბუციის და სხვა ცნობები |
| გამოცემის, წარმოების, დისტრიბუციის... ადგილი |
თბ. : |
| გამოცემის, წარმოების, დისტრიბუციის... სახელწოდება |
მეცნიერება, |
| გამოცემის, წარმოების, დისტრიბუციის... თარიღი |
1984. |
| 300 ## - ფიზიკური აღწერა |
| Extent |
76 გვ. ; |
| Other physical details |
21 სმ. |
| 653 ## - INDEX TERM--UNCONTROLLED |
| Uncontrolled term |
რელიგიის სოციოლოგია |
| 700 ## - ADDED ENTRY--PERSONAL NAME |
| Personal name |
ანდრიაშვილი, რ. |
| Relator term |
რედაქტორი |
| 9 (RLIN) |
3754 |
| 942 ## - ADDED ENTRY ELEMENTS (KOHA) |
| Koha item type |
წიგნი |
| Source of classification or shelving scheme |
|